Países Invadidos por la URSS - Estadísticas

Estadísticas generales
  • Esta prueba ha sido intentada 5.505 veces
  • La puntuación promedio es 10 de 14
Estadísticas de respuestas
Año País % Correcto
1939 Polonia
92%
1945 Alemania
89%
1940 Finlandia
83%
1940 Estonia
79%
1940 Letonia
79%
1940 Lituania
79%
1940 Rumania
75%
1944, 1956 Hungría
72%
1944 Bulgaria
66%
1945 Austria
59%
1979 Afganistán
58%
1945 Japón
57%
1968 Checoslovaquia
46%
1941 Irán
38%
No se encontraron pruebas coincidentes
Distribución de puntuación
Porcentaje de gente con cada puntuación
Porcentaje por número respondido
Historial de tus puntuaciones
No has intentado esta prueba.